| 000 | 00934nam a2200241Ia 4500 | ||
|---|---|---|---|
| 003 | OSt | ||
| 005 | 20250415142928.0 | ||
| 008 | 191128s1999 ck er 000 f pa d | ||
| 020 | _a9586147843 | ||
| 040 |
_aCO-JMCR _cCO-JMCR |
||
| 041 | _aspa | ||
| 082 | 0 | 4 |
_aA-N _bIRIe |
| 100 | 1 |
_aIriarte, Alfredo, _eautor _97168 |
|
| 245 | 1 | 0 |
_aEspárragos para dos leones / _cAlfredo Iriate |
| 250 | _aTercera edición | ||
| 260 |
_aBogotá : _bPlaneta colombiana editorial, _c1999 |
||
| 300 |
_a272 páginas ; _c 24 cm. |
||
| 490 | 0 | _aSeix Barral Biblioteca Breve | |
| 500 | _aIncluye datos biográficos del autor en solapa frontal. | ||
| 520 | _aEsta novela pertenece al linaje privilegiado de los libros que el lector abre y no quiere cerrar hasta que cae el telón de la última página. En la presente obra tal efecto se presenta gracias a la diestra conbinación del humor negro | ||
| 650 | 1 | 4 |
_aHumor negro _97169 |
| 942 |
_2ddc _cBK |
||
| 999 |
_c4623 _d4623 |
||